000
00294nam a22001337a 4500
008
170612b xxu||||| |||| 00| 0 eng d
020
_a
9780495807483
041
_a
eng
080
_2
9TH
_a
32
100
_a
19
101
_a
SHP
245
_a
AMERICAN CORRECTIONS
_c
CLEAR, T.R
942
_2
udc
_c
BK
999
_c
16919
_d
16919